Chinese Provincial Capitals - Statistics

General Stats
  • This quiz has been taken 1,477 times
  • The average score is 23 of 31
Answer Stats
Hint Answer % Correct
Beijing Beijing
96%
Guangdong Guangzhou
93%
Shanghai Shanghai
93%
Chongqing Chongqing
92%
Sichuan Chengdu
91%
Tibet Lhasa
91%
Tianjin Tianjin
91%
Xinjiang Urumqi
90%
Shaanxi Xi'an
90%
Hubei Wuhan
88%
Heilongjiang Harbin
87%
Fujian Fuzhou
82%
Jiangsu Nanjing
80%
Yunnan Kunming
78%
Zhejiang Hangzhou
75%
Hainan Haikou
74%
Hunan Changsha
72%
Anhui Hefei
69%
Liaoning Shenyang
69%
Inner Mongolia Hohhot
68%
Guangxi Nanning
67%
Shandong Jinan
65%
Gansu Lanzhou
65%
Guizhou Guiyang
64%
Hebei Shijiazhuang
64%
Henan Zhengzhou
64%
Jilin Changchun
63%
Shanxi Taiyuan
57%
Qinghai Xining
56%
Jiangxi Nanchang
51%
Ningxia Yinchuan
50%
No matching quizzes found
Score Distribution
Percent of People with Each Score
Percentile by Number Answered
Your Score History
You have not taken this quiz